01013 2200433 4500001002100000005001500021035002000036007000300056008004100059020002200100082000800122084001900130100000900149245003300158260002000191990001600211990001600227990001600243990001600259990001600275990001600291990001600307990001600323990001600339990001600355990001600371990001600387990001600403990001600419990001600435990001600451990001600467990001600483990001600499990001600515990001600531990001600547990001600563INLIS00000000000011120210412085924 a0010-0421000111ta210412 g 0 ind  a978-602-254-113-4 a330 a330 ALA e c.230 aAlam1 aEKONOMI untuk SMA/MA Kelas X aJakarta :bESIS a2017/p/0276 a2017/p/0277 a2017/p/0278 a2017/p/0279 a2017/p/0280 a2017/p/0281 a2017/p/0282 a2017/p/0283 a2017/p/0284 a2017/p/0285 a2017/p/0286 a2017/p/0287 a2017/p/0288 a2017/p/0289 a2017/p/0290 a2017/p/0291 a2017/p/0292 a2017/p/0293 a2017/p/0294 a2017/p/0295 a2017/p/0296 a2017/p/0297 a2017/p/0298